000 00918nam a22001817a 4500
999 _c58400
_d58400
005 20221105191316.0
008 220117s2021 enk||||| |||| 00| 0 eng d
020 _a9780367184612x
041 _aeng
080 _a372 L-93
100 _aLouis, Stella
_913395
245 _aHow to Use Work Group Supervision to Improve Early Years Practice /
_cStella, Louis.
264 _aLondon :
_b Routledge, Taylor & Francis Group,
_c2021.
300 _a160 p.;
_b24 cm.
653 _aროგორ გამოვიყენოთ სამუშაო ჯგუფის ზედამხედველობა ადრეული წლების პრაქტიკის გასაუმჯობესებლად
653 _aКак использовать супервизию рабочей группы для улучшения практики в раннем возрасте
942 _2udc
_cBK